Vista normal
Vista MARC
Entrada Materia (personas)
Número de registros utilizados en: 1
001 - CONTROL NUMBER
- control field: 82007
003 - CONTROL NUMBER IDENTIFIER
- control field: Co-BoUCM
005 - DATE AND TIME OF LATEST TRANSACTION
- control field: 20161121154253.0
008 - FIXED-LENGTH DATA ELEMENTS
- fixed length control field: 161121|| aca||aabn | a|a d
040 ## - CATALOGING SOURCE
- Original cataloging agency: Co-BoUCM
- Transcribing agency: Co-BoUCM
100 ## - HEADING--PERSONAL NAME
- Personal name: McMahon, Kenneth
670 ## - SOURCE DATA FOUND
- Source citation: Work cat.: (Co-BoUCM)305285: Copi, Irving M. 42133, Introduction to Logic, 2010